Central Library OPAC University of Rajshahi

Key to Higher book-keeping and accounts / (Record no. 15198)

MARC details
000 -LEADER
fixed length control field 00562nam a22002053a 4500
001 - CONTROL NUMBER
control field 15198
003 - CONTROL NUMBER IDENTIFIER
rucl marc code UkOxU
005 - DATE AND TIME OF LATEST TRANSACTION
control field 20211208235752.0
008 - FIXED-LENGTH DATA ELEMENTS--GENERAL INFORMATION
fixed length control field 140209s1952 xx 000 0 und d
035 ## - SYSTEM CONTROL NUMBER
System control number OCLC pks03295270 from D960216K
-- (BD-RjUL)
040 ## - CATALOGING SOURCE
Original cataloging agency EQO
Transcribing agency EQO
Language of cataloging eng
Modifying agency BD-RjUL
041 ## - LANGUAGE CODE
Language code of text/sound track or separate title eng
082 ## - DEWEY DECIMAL CLASSIFICATION NUMBER
Classification number 657
Author mark and year KEY 1952
245 10 - TITLE STATEMENT
Title Key to Higher book-keeping and accounts /
260 ## - PUBLICATION, DISTRIBUTION, ETC. (IMPRINT)
Place of publication, distribution, etc. London :
Date of publication, distribution, etc. 1952.
Name of publisher, distributor, etc. Macdonald and Evans ;
300 ## - PHYSICAL DESCRIPTION
Pagination 338 p. ;
Size 18 cm.
650 ## - SUBJECT ADDED ENTRY--TOPICAL TERM
Topical term or geographic name as entry element book keeping
9 (RLIN) 47454
Topical term or geographic name as entry element accounting
9 (RLIN) 47455
942 ## - ADDED ENTRY ELEMENTS (KOHA)
Source of classification or shelving scheme Dewey Decimal Classification
Koha item type Books
Holdings
Lost status Source of classification or shelving scheme Damaged status Not for loan Collection code Permanent Location Current Location Shelving location Date acquired Source of acquisition Cost, normal purchase price Total Checkouts Full call number Date last seen Copy number Koha item type
  Dewey Decimal Classification   Not For Loan Non-fiction Central Library, University of Rajshahi Central Library, University of Rajshahi Reading Room 04/02/1963 zeithering 25.00   657 KEY 1952 09/02/2014 C-1 Books
  Dewey Decimal Classification     Non-fiction Central Library, University of Rajshahi Central Library, University of Rajshahi   04/02/1963 Zeitlinger 25.00   657 KEY 1952 24/03/2019 C-2 Books